00538nam a2200169Ia 4500001000900000003000500009005001700014008004100031010001100072040000900083082001600092100002900108245012900137260001700266300001000283600007500293dia_1929CHAP20230427134646.0220117s1976 xx 000 0 und d a172465 cCHAP a633.576 E74 aErives Ch., M. Francisco aInstructivo para Plantación de Piña en las Zonas de Loma Bonita, Oaxaca e Isla, Veracruz /c por Francisco M. Erives Ch. aS.P.I.c1976 a25 p. a1.Piña-cultivo-Loma Bonita, Oaxaca/ 2. Piña-cultivo-Isla, Veracruz